000 00299nam a22001337a 4500
008 210224b ||||| |||| 00| 0 eng d
020 _a9781259253492
041 _aeng
080 _a591
100 _a7
101 _aZOO
245 _aIntegrated Principles of Zoology
_cKeen,L.S
942 _2udc
_cBK
999 _c55172
_d55172